000 00774nam a2200253 i 4500
001 100215
003 ES-MaACL
005 20240211063457.0
007 t|
008 050923s1946 ag ||||1| spa d
040 _cES-MaACL
080 _a364
100 1 _aMartone, Francisco José.
_978527
_eaut
245 1 4 _aLos fundamentos de la asistencia social /
_cFrancisco José Martone.
260 _aBuenos Aires :
_bAmericalee,
_c1946.
300 _a241 páginas ;
_c20 cm
490 1 _aFundamentos (Americalee) ;
_v17
650 4 _910377
_aAsistencia social
830 0 _aFundamentos (Americalee)
_v17
_9235125
852 _aES-MaACL
_jA-4504
_bR.22671
_cSPP1
942 _cMONOGRAFIA
_n0
999 _c100215
_d100215